Beyond race and gender unleashing the power of your total work force by managing diversity

Guardado en:
Detalles Bibliográficos
Autor principal: Thomas, R. Roosevelt
Formato: Libro
Lenguaje:inglés
Publicado: New York AMACOM 1991
Materias:
Etiquetas: Agregar Etiqueta
Sin Etiquetas, Sea el primero en etiquetar este registro!

MARC

LEADER 00000nam a2200000 4500
001 c100577
005 20221123102118.2
020 |a 0-8144-5014-8 
041 0 |a eng 
044 |a US 
245 1 0 |a Beyond race and gender  |b unleashing the power of your total work force by managing diversity  |c R. Roosevelt Thomas 
264 1 |a New York  |b AMACOM  |c 1991 
300 |a 189 s. 
610 2 0 |a manažment 
610 2 0 |a činiteľ ľudský 
610 2 0 |a zdroje ľudské 
610 2 0 |a individualita 
610 2 0 |a autorita 
610 2 0 |a organizácia riadenia 
610 2 0 |a teória riadenia 
610 2 0 |a modely riadenia 
610 2 0 |a sily pracovné 
610 2 0 |a kultúra podniková 
610 2 0 |a zamestnanci 
100 1 |a Thomas, R. Roosevelt